Normal view
MARC view
Entry Personal Name
001 - CONTROL NUMBER
- control field: 350
003 - CONTROL NUMBER IDENTIFIER
- control field: BD-RjUL
005 - DATE AND TIME OF LATEST TRANSACTION
- control field: 20211223162114.0
008 - FIXED-LENGTH DATA ELEMENTS
- fixed length control field: 211223|| aca||aabn | a|a d
040 ## - CATALOGING SOURCE
- Original cataloging agency: BD-RjUL
- Transcribing agency: BD-RjUL
100 ## - HEADING--PERSONAL NAME
- Personal name: النعماني، محمد عبد الرشيد بقلم محمد عبد الرشيد النعماني ؛ اعتنى به عبد الفتاح ابو غدة ; ; Al-Nomani, Muhammad Abd al-Rashid
670 ## - SOURCE DATA FOUND
- Source citation: Work cat.: (BD-RjUL)79058: النعماني، محمد عبد الرشيد بقلم محمد عبد الرشيد النعماني ؛ اعتنى به عبد الفتاح ابو غدة ; ; Al-Nomani, Muhammad Abd al-Rashid,, مكانة الامام ابي حنيفة في الحديث ;; makanat alamam abi hanifat fi alhadith /, ١٤١٦ هج.، ١٩٩٦.